000 00231nam a2200097Ia 4500
008 190216s9999||||xx |||||||||||||| ||und||
100 _aSankara Pillai G
245 0 _aMalayalam-Pushpakireedam
260 _bCurrent Books
942 _cBK
999 _c30314
_d30314